书目信息 |
| 题名: |
外国名科学家小传
|
|
| 作者: | 阿西莫夫 著 ;徐效民 译 | |
| 分册: | ||
| 出版信息: | 北京 科学出版社 1982.3 |
|
| 页数: | 116 | |
| 开本: | 32 | |
| 丛书名: | ||
| 单 册: | ||
| 中图分类: | K812.1 | |
| 科图分类: | ||
| 主题词: | 传记 | |
| 电子资源: | ||
| ISBN: | ||
| 000 | 00552nam0 2200205 45 | |
| 001 | 0181021306 | |
| 005 | 20060731163707.26 | |
| 010 | @dCNY0.34 | |
| 100 | @a20810111d km y0chiy0120 ea | |
| 101 | 0 | @achi |
| 105 | @a z 000yy | |
| 200 | 1 | @Awai guo ming ke xue jia xiao zhuan@a外国名科学家小传@f(美)阿西莫夫著@g徐效民译 |
| 210 | @a北京@c科学出版社@d1982.3 | |
| 215 | @a116@c无图表@d32 | |
| 606 | 0 | @a传记 |
| 690 | @aK812.1@v3 | |
| 701 | 0 | @a阿西莫夫@4著 |
| 702 | 0 | @a徐效民@4译 |
| 801 | @aCN@bTSTC@c20060731 | |
| 905 | @dK812.1@e1@f2@b210417-18 | |
| 外国名科学家小传/(美)阿西莫夫著/徐效民译.-北京:科学出版社,1982.3 |
| 116:无图表;32 |
| ISBN :CNY0.34 |
| ● |
| 相关链接 |
|
|
|
|
正题名:外国名科学家小传
索取号:K812.1/1
 
预约/预借
| 序号 | 登录号 | 条形码 | 馆藏地/架位号 | 状态 | 备注 |
| 1 | 0210417 | 000186319 | 第二借阅区/ [索取号:K812.1/1] | 在馆 | |
| 2 | 0210418 | 000186300 | 密集书库/ [索取号:K812.1/1] | 在馆 |